| 000 | 00478nam a2200169Ia 4500 | ||
|---|---|---|---|
| 008 | 190805s9999||||xx |||||||||||||| ||und|| | ||
| 020 |
_a9781138294561 _cRs. 1000.00 |
||
| 082 | 0 | 4 |
_a623.8881 _bH8162 |
| 100 | 1 | _aHouse, D. J. | |
| 245 | 1 | 0 |
_aCargo Work for Maritime Operations / _cD. J. House |
| 250 | _a8th ed. | ||
| 260 |
_aNew York : _bRoutledge, _c2017 |
||
| 300 |
_axiii, 407 p. _b : col. ill. _c; 24 cm. |
||
| 650 | 0 |
_aShips _xCargo |
|
| 942 | _cBK | ||
| 999 |
_c88 _d88 |
||